| 000 | 00441pab a2200157 454500 | ||
|---|---|---|---|
| 008 | 180718b2011 xxu||||| |||| 00| 0 eng d | ||
| 100 | _aHovsepian, Mary | ||
| 245 | _aDesecularization of the Palestinian imagination? Reflections of nationness and fragmentration | ||
| 260 | _c2011 | ||
| 300 | _ap.1379-1394. | ||
| 362 | _aOct | ||
| 650 | _aFreedom of movement | ||
| 773 | _aAmerican Behavioral Scientist | ||
| 908 | _aN | ||
| 909 | _a93652 | ||
| 999 |
_c93652 _d93652 |
||